| 000 | 00000nam##2200000za#4500 |
| 001 | 9.642043 |
| 003 | CaOODSP |
| 005 | 20210624223515 |
| 007 | cr ||||||||||| |
| 008 | 150407|2002||||xxc|||||o f|0| 0 fre|d |
| 040 | |aCaOODSP|bfre |
| 043 | |an-cn--- |
| 086 | 1 |aYL2-12/2002F-PDF |
| 245 | 03|aLe Parlement du Canada vu de l'intérieur : |h[ressource électronique]|bintroduction au fonctionnement du Parlement canadien / |cune coproduction du Sénat, de la Chambre des communes et de la Bibliothèque du Parlement. |
| 250 | |aPremière édition |
| 260 | |aOttawa - Ontario : |bBibliothèque du Parlement |cc2002. |
| 300 | |a41p.|borganigramme, photographies |
| 500 | |aLe n° de catalogue (YL2-12/2002) et l'ISBN (0-662-66038-2) de l'édition imprimée bilingue ont été incorrectement copiés dans l'édition électronique. |
| 520 | 3 |aIl s'agit d'une présentation sur le fonctionnement du Parlement canadien. Elle donne un aperçu du système parlementaire, y compris l'histoire, la géographie et la diversité sociale qui ont aidé à façonner le Parlement. Elle précise le rôle du Premier ministre et du cabinet, discute des relations avec les ministères et les tribunaux, et comprend un aperçu des trois institutions parlementaires - la Couronne, le Sénat et la Chambre des communes. Cette publication examine les activités quotidiennes des parlementaires, y compris celles de législateurs, d'enquêteurs et de groupes de surveillance du gouvernement et décrit le processus législatif. On met également en lumière le lien entre la tradition et les pratiques modernes du Parlement. |
| 590 | |a13-15-Supp|b2013-06-24 |
| 691 | 07|aChambre des communes|2gcpds |
| 691 | 07|aParlement|2gcpds |
| 691 | 07|aSénat|2gcpds |
| 710 | 1 |aCanada. |bBibliothèque du Parlement. |
| 775 | 08|tInside Canada's Parliament : |w(CaOODSP)9.698047 |
| 776 | 0#|tInside Canada's Parliament : |w(CaOODSP)9.663161 |
| 776 | 0#|tLe Parlement du Canada vu de l'intérieur : |w(CaOODSP)9.663162 |
| 856 | 40|ahttp://publications.gc.ca|qPDF|s1.20 Mo|uhttps://publications.gc.ca/collections/Collection/YL2-12-2002F.pdf |